Peter Cushing Filmography - Statistics

General Stats
  • This quiz has been taken 43 times
    8 since last reset
  • The average score is 29 of 187
Answer Stats
Type Year Name % Correct
Film 1977 Star Wars
100%
Film 1958 Dracula
83%
TV Film 1954 1984
67%
Film 1972 Dracula A.D. 1972
67%
Film 1967 Frankenstein Created Woman
67%
Film 1972 Horror Express
67%
Film 1965 She
67%
Film 1972 Tales from the Crypt
67%
Film 1957 The Abominable Snowman
67%
Film 1964 The Gorgon
67%
Film 1959 The Hound of the Baskervilles
67%
Film 1959 The Mummy
67%
Film 1972 Asylum
50%
Film 1968 Corruption
50%
Film 1965 Dr. Who and the Daleks
50%
Film 1974 Frankenstein and the Monster from Hell
50%
Film 1969 Frankenstein Must Be Destroyed
50%
Film 1976 Land of the Minotaur
50%
Film 1974 Madhouse
50%
TV Show 1968 Sherlock Holmes
50%
Film 1974 The Beast Must Die
50%
Film 1960 The Brides of Dracula
50%
Film 1973 The Creeping Flesh
50%
Film 1957 The Curse of Frankenstein
50%
Film 1971 The House That Dripped Blood
50%
Film 1958 The Revenge of Frankenstein
50%
Film 1973 The Satanic Rites of Dracula
50%
Film 1965 The Skull
50%
Film 1970 The Vampire Lovers
50%
Film 1971 Twins of Evil
50%
Film 1973 And Now the Screaming Starts!
33%
Film 1986 Biggles: Adventures in Time
33%
Film 1962 Captain Clegg
33%
Film 1961 Cash on Demand
33%
Film 1966 Daleks' Invasion Earth 2150 A.D.
33%
Film 1972 Dr. Phibes Rises Again
33%
Film 1948 Hamlet
33%
Film 1983 House of the Long Shadows
33%
Film 1975 Legend of the Werewolf
33%
Film 1967 Night of the Big Heat
33%
Film 1970 Scream and Scream Again
33%
Film 1974 Tender Dracula, or Confessions of a Blood Drinker
33%
TV Show 1967 The Avengers
33%
Film 1968 The Blood Beast Terror
33%
Film 1964 The Evil of Frankenstein
33%
Film 1974 The Legend of the 7 Golden Vampires
33%
Film 1984 Top Secret!
33%
Film 1940 A Chump at Oxford
17%
Film 1956 Alexander the Great
17%
Film 1979 Arabian Adventure
17%
Film 1976 At the Earth's Core
17%
Film 1981 Black Jack
17%
TV Show 1963 Comedy Playhouse
17%
Film 1960 Cone of Silence
17%
Film 1977 Die Standarte
17%
Film 1965 Dr. Terror's House of Horrors
17%
TV Show 1980 Hammer House of Horror
17%
Film 1971 I, Monster
17%
Film 1970 Incense for the Damned
17%
Film 1966 Island of Terror
17%
Film 1940 Laddie
17%
Theater 1941 Macbeth
17%
Film 1981 Misterio en la Isla de los Monstruos
17%
Film 1973 Nothing but the Night
17%
TV Show 1973 Orson Welles' Great Mysteries
17%
TV Mini-Series 1952 Pride and Prejudice
17%
Film 1974 Shatter
17%
Film 1977 Shock Waves
17%
Film 1967 Some May Live
17%
Film 1979 Son of Hitler
17%
TV Show 1976 Space: 1999
17%
Film 1984 Sword of the Valiant: The Legend of Sir Gawain and the Green Knight
17%
TV Show 1983 Tales of the Unexpected
17%
Film 1960 The Flesh and the Fiends
17%
Film 1975 The Ghoul
17%
TV Film 1976 The Great Houdini
17%
Film 1961 The Hellfire Club
17%
Theater 1938 The Island
17%
Film 1939 The Man in the Iron Mask
17%
TV Film 1984 The Masks of Death
17%
TV Show 1976 The New Avengers
17%
TV Show 1974 The Zoo Gang
17%
Documentary Series 1974, 1990 This Is Your Life
17%
Film 1967 Torture Garden
17%
Radio Serial 1977 Aliens in the Mind
0%
Theater 1949 Antigone
0%
Theater 1951 Antony and Cleopatra
0%
TV Film 1952 Asmodée
0%
TV Film 1953 A Social Success
0%
TV Film 1980 A Tale of Two Cities
0%
Film 1979 A Touch of the Sun
0%
TV Show 1951-1957 BBC Sunday-Night Theatre
0%
TV Documentary 1971 BBC Wildlife Spectacular
0%
Theater 1936 Bees on the Boat Deck
0%
Theater 1941 Biography
0%
Theater 1937 Bird in Hand
0%
Theater 1951 Caesar and Cleopatra
0%
TV Show 1976, 1977 Clapper Board
0%
Theater 1936 Cornelius
0%
Theater 1936-1937 Dick Whittington and His Cat
0%
TV Show 1962 Drama 61-67
0%
Short Film 1940 Dreams
0%
TV Mini-Series 1953 Epitaph for a Spy
0%
TV Documentary 1994 Flesh and Blood: The Hammer Heritage of Horror
0%
Film 1974 From Beyond the Grave
0%
Theater 1941, 1946 Fumed Oak
0%
Film 1961 Fury at Smugglers' Bay
0%
Theater 1944 Happy Few
0%
TV Film 1984 Hellen Keller: The Miracle Continues
0%
TV Film 1957 Home at Seven
0%
TV Film 1952 If This Be Error
0%
Short Film 1946 It Might Be You
0%
Theater 1936 It Pays to Advertisea
0%
TV Show 1962 ITV Television Playhouse
0%
TV Show 1976 Jim'll Fix It
0%
Film 1959 John Paul Jones
0%
Theater 1936 Lady Patricia
0%
TV Show 1976 Looks Familiar
0%
Theater 1940 Love from a Stranger
0%
Film 1955 Magic Fire
0%
Theater 1937 Marigold
0%
Theater 1944 Morning Star
0%
Film 1952 Moulin Rouge
0%
Film 1970 One More Time
0%
TV Documentary 1989 Peter Cushing: A One-Way Ticket to Hollywood
0%
Short Documentary 2021 Peter Cushing: Perspectives
0%
Theater 1942-1943 Private Lives
0%
Theater 1948-1949 Richard III
0%
TV Film 1955 Richard of Bordeaux
0%
TV Film 1953 Rookery Nook
0%
Theater 1959 Saint's Day
0%
TV Show 1964 Story Parade
0%
Film 1960 Suspect
0%
Film 1960 Sword of Sherwood Forest
0%
Theater 1965 Thark
0%
Theater 1938 The Amazing Dr. Clitterhouse
0%
Theater 1946 The Astonished Heart
0%
Film 1954 The Black Knight
0%
TV Film 1955 The Browning Version
0%
Theater 1944 The Crime of Margaret Foley
0%
Theater 1946 The Curious Dr. Robson
0%
Theater 1944 The Dark Potential
0%
Film 1955 The End of the Affair
0%
TV Film 1954 The Face of Love
0%
Theater 1944 The Fifth Column
0%
Theater 1950-1951 The Gay Invalid
0%
Theater 1941 The Ghost Train
0%
Theater 1975 The Heiress
0%
Short Film 1940 The Hidden Master
0%
Theater 1938 The High Road
0%
Film 1940 The Howards of Virginia
0%
Film 1963 The Man Who Finally Died
0%
Theater 1938 The Middle Watch
0%
TV Show 1969, 1970, 1973 | 1978, 1980 The Morecambe & Wise Show
0%
Film 1961 The Naked Edge
0%
Short Film 1944 The New School
0%
TV Film 1953 The Noble Spaniard
0%
Theater 1941 The Petrified Forest
0%
Theater 1949 The Proposal
0%
Theater 1945-1946 The Rivals
0%
Theater 1948-1949 The School for Scandal
0%
Theater 1941 The Seventh Trumpet
0%
TV Show 1952 The Silver Swan
0%
Theater 1956 The Silver Whistle
0%
Theater 1948 The Skin of Our Teeth
0%
Theater 1954 The Soldier and the Lady
0%
Theater 1959-1960 The Sound of Murder
0%
TV Mini-Series 1963 The Spread of the Eagle
0%
Film 1977 The Uncanny
0%
Theater 1952 The Wedding Ring
0%
TV Film 1958 The Winslow Boy
0%
Theater 1946 They Came to a City
0%
Film 1941 They Dare Not Love
0%
TV Show 1965 Thirty-Minute Theatre
0%
Film 1957 Time Without Pity
0%
Film 1976 Trial by Combat
0%
TV Film 1958 Uncle Harry
0%
Film 1940 Vigil in the Night
0%
Film 1958 Violent Playground
0%
Theater 1943 War and Peace
0%
Theater 1944 Watch on the Rhine
0%
TV Show 1953 Wednesday Theatre
0%
TV Film 1951 When We Are Married
0%
Theater 1944-1946 While the Sun Shines
0%
Film 1940 Women in War
0%
TV Show 1953 You Are There
0%
No matching quizzes found
Score Distribution
Percent of People with Each Score
Percentile by Number Answered
Your Score History
You have not taken this quiz since the last reset